00579nam a2200217Ia 4500003000400000005001700004008004100021040000700062041000800069082001700077100001500094245007900109260004100188300002300229365001100252650001600263650001600279650002400295650002500319700001700344OSt20230330141920.0210719s1982 xx 000 0 und d cAL aeng a381/392 GREI aT S Grewal aIntroduction to accountancybFor degree classes of all Indian universities aNew DelhibS. Chand & Co. Ltd.c1982 a859p.bPBc21X13cm b35cRs aAccountancy aAccountancy aFinancial Statement aPartnership Accounts aGREWAL (T S)